000 00664nam a22002057a 4500
005 20251108174741.0
008 250721s2004 xx 000 0 ara d
082 1 4 _a811.9/برك
100 1 _aبركات، محمد
245 1 0 _aقصائد مختارة من روائع الغزل عند الشعراء المصر يين و السودانيين /
264 1 _aبيروت :
_bالدار العربية للعلوم،
_c2004.
300 _a158ص.
650 1 7 _aالشعر العربي
650 1 7 _aالعصر الحديث
650 1 7 _aمصر
650 1 7 _aالسودان
650 1 7 _aالشعراء العرب
942 _2ddc
_cBK
999 _c117090
_d117090